000 00309nam a22001217a 4500
005 20251002125749.0
008 251002b |||||||| |||| 00| 0 eng d
040 _cPK-LaNCA
082 _a721.04496
_bMAD
245 _aMADE of light: the art of light and architecture
650 _aArchitecture
942 _cBK
999 _c66764
_d66764